000 00617am a2200265a 44500
003 AR-BaBNM
005 20251128203149.0
008 087019s1954 #AR|||||||||||000 | spa||
040 _cAR-BaBNM
245 1 0 _aPoema de Fernán González
260 _aBuenos Aires
_bEspasa-Calpe
_c1954
300 _a143 p.
490 0 _aAustral
650 4 _aLITERATURA ESPAÑOLA
650 4 _aPOESIA ESPAÑOLA
650 4 _aTRAGEDIA
650 4 _aTEATRO
651 4 _aEspaña
653 _aHISTORIA ESPAÑOLA
653 _aPOESIA EPICA
653 _aHEROES
655 _aLITERATURA
942 _cBK
998 _cLAURA
999 _c2184
_d2184